<?xml version="1.0" encoding="UTF-8"?>
<collection xmlns="http://www.loc.gov/MARC21/slim">
  <record>
    <leader>00000nam  2200000   4500</leader>
    <controlfield tag="001">INLIS000000000020689</controlfield>
    <controlfield tag="005">20250730111642</controlfield>
    <datafield tag="035" ind1="#" ind2="#">
      <subfield code="a">0010-0725000219</subfield>
    </datafield>
    <controlfield tag="007">ta</controlfield>
    <controlfield tag="008">250730################g##########0#eng##</controlfield>
    <datafield tag="082" ind1="#" ind2="#">
      <subfield code="a">375.37</subfield>
    </datafield>
    <datafield tag="084" ind1="#" ind2="#">
      <subfield code="a">375.37 DUB r</subfield>
    </datafield>
    <datafield tag="100" ind1=" " ind2="#">
      <subfield code="a">DuBois, Philip H.</subfield>
    </datafield>
    <datafield tag="245" ind1="1" ind2="#">
      <subfield code="a">Research Strategies for Evaluating Training :</subfield>
      <subfield code="b">Aera Monograph Series on Curriculum Evaluation /</subfield>
      <subfield code="c">Philip H. DuBois, G. Douglas Mayo</subfield>
    </datafield>
    <datafield tag="260" ind1="#" ind2="#">
      <subfield code="a">Chicago :</subfield>
      <subfield code="b">Rand McNally &amp; Company,</subfield>
      <subfield code="c">1970</subfield>
    </datafield>
    <datafield tag="300" ind1="#" ind2="#">
      <subfield code="a">152 halaman :</subfield>
      <subfield code="b">ilus ;</subfield>
      <subfield code="c">23,5 cm</subfield>
    </datafield>
    <datafield tag="650" ind1="#" ind2="4">
      <subfield code="a">Kurikulum Pendidikan</subfield>
    </datafield>
    <datafield tag="700" ind1=" " ind2="#">
      <subfield code="a">G. Douglas Mayo</subfield>
    </datafield>
    <datafield tag="990" ind1="#" ind2="#">
      <subfield code="a">14628</subfield>
    </datafield>
  </record>
</collection>
